000 00461nam a2200169Ia 4500
008 090711s9999 xx 000 0 und d
082 _b14807
100 _aपानवलकर श्री. दा.
245 _aगजगा
260 _c1963
300 _a144
600 _aपानवलकर श्री. दा.
630 _aगजगा
700 _aपानवलकर श्री. दा.
730 _aगजगा
942 _cBOOK
999 _c313277
_d313277